Normal view MARC view
  • BAKLIWAL, SUNIL .R , RANE Dr. BHUSHAN R AND JAIN Dr. ASHISH

Entry Personal Name

Number of records used in: 1

001 - CONTROL NUMBER

  • control field: 8269

003 - CONTROL NUMBER IDENTIFIER

  • control field: JRU

005 - DATE AND TIME OF LATEST TRANSACTION

  • control field: 20240108101501.0

008 - FIXED-LENGTH DATA ELEMENTS

  • fixed length control field: 240108|| aca||aabn | a|a d

040 ## - CATALOGING SOURCE

  • Original cataloging agency: JRU
  • Transcribing agency: JRU

100 ## - HEADING--PERSONAL NAME

  • Personal name: BAKLIWAL, SUNIL .R , RANE Dr. BHUSHAN R AND JAIN Dr. ASHISH

670 ## - SOURCE DATA FOUND

  • Source citation: Work cat.: (JRU)7880: BAKLIWAL, SUNIL .R , RANE Dr. BHUSHAN R AND JAIN Dr. ASHISH, A TEXTBOOK OF PHARMACEUTICAL ENGINEERING [SEM-II]